Nietzsche, un pensador póstumo: el cuerpo como centro de gravedad

Uloženo v:
Podrobná bibliografie
Hlavní autor: Jara, José (Autor)
Médium: Kniha
Jazyk:španělština
Vydáno: Barcelona Anthropos 1998
Edice:Colección Autores, Textos y Temas, Filosofía, 51
Témata:
Tagy: Přidat tag
Žádné tagy, Buďte první, kdo vytvoří štítek k tomuto záznamu!

MARC

LEADER 00000nam a2200000 a 4500
001 UCP3941
003 CL-VaPUC
008 990709e19980000SP |||||||||||||||||spa|d
082 0 4 |a 147  |b JAR  |2 21 
100 |a Jara, José  |e author  |9 431381 
245 1 0 |a Nietzsche, un pensador póstumo: el cuerpo como centro de gravedad 
300 |a 358 p 
942 |c BK 
945 |d 19990709 00:00:00  |a vberengu 
260 |a Barcelona  |b Anthropos  |c 1998 
650 0 |a Filosofía alemana   |9 265002 
650 0 |a Crítica e interpretación   |9 255042 
650 0 |a Antropología filosófica  |9 265842 
583 |a last modification  |c 20121001 10:11:40  |k Rodrigo Vera 
490 0 |a Colección Autores, Textos y Temas, Filosofía, 51 
999 |c 282053  |d 282051 
952 |0 0  |1 0  |4 0  |6 147_000000000000000_JAR_1998  |7 0  |8 A  |9 323359  |a BIBEDU  |b BIBEDU  |d 2019-11-20  |i 353166K  |o 147 JAR 1998  |p 353166K  |r 2019-11-20  |w 2019-11-20  |y BK  |k BME